Los miasmas del plata /

Guardado en:
Autor Principal: Gutiérrez Silva, Alvaro
Formato: Libro
Publicado: Buenos Aires : Colihue, 1997
Series:La Movida / dirigida por Pablo De Santis
Materias:
Etiquetas: Agregar Etiqueta
Sin Etiquetas, Sea el primero en etiquetar este registro!
LEADER 00726nam a22002415a 4500
001 CEM.cems010371
005 20101202104713.0
008 130507s1997##################000#0#####d
003 CEMS
020 |a 950581206X 
082 0 4 |a A863.4 
100 1 |a Gutiérrez Silva, Alvaro 
245 1 0 |a Los miasmas del plata /  |c Alvaro Gutiérrez Silva 
260 |a Buenos Aires :  |b Colihue,  |c 1997 
300 |a 106 p. 
490 0 |a La Movida / dirigida por Pablo De Santis 
500 |a Historietas de Patricia Breccia 
653 |a Literatura 
653 |a Literatura argentina-siglo 20 
653 |a Novelas 
653 |a Novela argentina 
653 |a Literatura juvenil 
859 |a CEMS  |b BIB. CEMS - 11 de abril  |h A863.4  |i G985  |p 20917.00  |t Ej.1